Con el corazón abierto. Psicología y espiritualidad.

Gardado en:
Detalles Bibliográficos
Autor Principal: Tonin, Neylor J. (Author)
Formato: Unknown
Idioma:inglés
Publicado: Estella (Navarra), España Editorial Verbo Divino 1993
Edición:Segunda edición
Subjects:
Tags: Engadir etiqueta
Sen Etiquetas, Sexa o primeiro en etiquetar este rexistro!

MARC

LEADER 00000 a2200000 4500
003 CL-VaPUC
005 20210515001946.0
008 210105b ||||| |||| 00| 0 eng d
999 |c 432124  |d 432122 
020 |a 9788471517616 
040 |c Pontificia Universidad Católica de Valparaíso 
082 0 4 |a 150.1 TON 1993 
100 1 |a Tonin, Neylor J.   |9 857725  |e author 
245 |a Con el corazón abierto.  |b Psicología y espiritualidad.  
250 |a Segunda edición  
260 |a Estella (Navarra), España   |b Editorial Verbo Divino  |c 1993 
300 |a 163 páginas  
583 |k Cristina Rojas  |c 20210105 
650 1 0 |a Psicología   |x Psicología  |9 257863 
650 1 |a Espiritualidad  |9 267331  |x Naturaleza Humana 
852 |a BIBCUR 
942 |2 ddc  |c BK 
952 |0 0  |1 0  |2 ddc  |4 0  |6 150_100000000000000_TON_1993  |7 0  |8 A  |9 577341  |a BIBTEO  |b BIBTEO  |d 2020-12-30  |e 3  |g 17897.00  |i 5580986  |o 150.1 TON 1993  |p 5580986  |r 2025-01-17  |t 1  |v 17897.00  |w 2020-12-30  |y BK  |k ICR